Science Quiz

Random Science or Animal Quiz

Pick the Marine Mammals Quiz Stats

Quiz Updated Oct 11, 2017

Challenge
Share
Tweet
Score 0/20 Timer 10:00
2 Plays Today
% Correct
Polar bear
95.2%
Walrus
94.7%
Killer whale
93.7%
Narwhal
90%
Sea otter
88.7%
Atlantic spotted dolphin
88.3%
Common bottlenose dolphin
87.5%
Beluga whale
84.7%
Antarctic fur seal
84%
Humpback whale
80.9%
% Correct
Northern elephant seal
79.4%
Leopard seal
76.3%
Dugong
67.8%
Finless porpoise
66.2%
Hawaiian monk seal
66%
West Indian manatee
62.6%
Hector's dolphin
61%
Bowhead whale
60.6%
Sperm whale
59%
Galápagos sea lion
51.3%

You're not logged in!

Compare scores with friends on all Sporcle quizzes.
Sign Up with Email
OR
Log In

You Might Also Like...

Show Comments

Extras

Top Quizzes Today


Score Distribution

Your Account Isn't Verified!

In order to create a playlist on Sporcle, you need to verify the email address you used during registration. Go to your Sporcle Settings to finish the process.

Report this User

Report this user for behavior that violates our Community Guidelines.

Details: